|
|
|
|
| LEADER |
00000nam0a2200000 4500 |
| 001 |
220330 |
| 005 |
20231031195358.0 |
| 035 |
|
|
|a (RuTPU)RU\TPU\book\240452
|
| 090 |
|
|
|a 220330
|
| 100 |
|
|
|a 20120822d1933 m y0rusy50 ca
|
| 101 |
0 |
|
|a rus
|
| 102 |
|
|
|a RU
|
| 105 |
|
|
|a a j 000zy
|
| 200 |
1 |
|
|a Строительная механика
|h Ч. 1 : Сопротивление материалов
|f Н. И. Безухов
|
| 210 |
|
|
|a Москва
|a Ленинград
|c Госстройиздат
|d 1933
|
| 215 |
|
|
|a 308 с.
|c ил.
|
| 610 |
1 |
|
|a строительная механика
|
| 610 |
1 |
|
|a сопротивление материалов
|
| 610 |
1 |
|
|a виды
|
| 610 |
1 |
|
|a чистый изгиб
|
| 610 |
1 |
|
|a поперечная сила
|
| 610 |
1 |
|
|a поперечный изгиб
|
| 610 |
1 |
|
|a внешние силы
|
| 610 |
1 |
|
|a внутренние силы
|
| 610 |
1 |
|
|a теория
|
| 610 |
1 |
|
|a балки
|
| 610 |
1 |
|
|a расчет
|
| 610 |
1 |
|
|a сложные сопротивления
|
| 610 |
1 |
|
|a устойчивость
|
| 610 |
1 |
|
|a учебники
|
| 675 |
|
|
|a 624.04
|v 3
|
| 700 |
|
1 |
|a Безухов
|b Н. И.
|
| 801 |
|
1 |
|a RU
|b 63413507
|c 20120822
|
| 801 |
|
2 |
|a RU
|b 63413507
|c 20121128
|g RCR
|
| 942 |
|
|
|c BK
|